| 000 | 00877nam a2200253 a 4500 | ||
|---|---|---|---|
| 999 |
_c2406 _d2406 |
||
| 008 | 200318s2016 ii ad||g m|||a00| 0 eng d | ||
| 040 |
_aKO _beng |
||
| 041 | 0 | _aeng | |
| 044 | _aii | ||
| 082 | 0 | 4 |
_223 _a378.242 _bIRM1513 |
| 100 | 1 |
_aKapoor, Sagar _eResearcher |
|
| 245 | 2 | 0 |
_aAn Internship Report on Vendor Management at Allcargo Logistics Panvel Branch Mumbai / _cSagar Kapoor ; Guide Dr. J. Siva Durga Prasad |
| 260 |
_aKochi : _bIndian Maritime University, _c2016 |
||
| 300 |
_a61 p. : _bill., charts ; _c29 cm. |
||
| 490 | 0 |
_aMBA Internship 2015-17 ; _v1505305013 |
|
| 502 | _aInternship (MBA)–Indian Maritime University. School of Maritime Management, 2016. | ||
| 650 | 0 | _aLogistics | |
| 650 | 0 | _aCargo ships | |
| 655 | 7 |
_2lcsh _aDissertations, Academic _y2016 |
|
| 700 | 1 |
_aPrasad, J. Siva Durga _cDr. _eGuide |
|
| 904 | _aReshma_R | ||
| 942 | _cTH | ||